000 00301nam a2200121Ia 4500
005 20251222153632.0
008 251222s9999||||xx |||||||||||||| ||spa||
020 _a950-07-1160-5
082 _a869.26/A32
100 _a"Aguinis, Marcos"
245 0 _aNueva carta esperanzada a un general
942 _cLIB
999 _c32390
_d32390